000 00904nam a22002777a 4500
005 20100611115419.0
008 100611t xxu||||| |||| 00| 0 eng d
010 _aENG-96339
020 _a9788120338357
_c450.00
035 _aEN-79872
037 _bDBAD/PUB
040 _aDPL
_bEng
082 _a658
100 _aGreenbery, Jerald
_921773
245 _aBehavior in organizations /
_cby Jerald Greenbery and Robert A. Baron
250 _a9th ed.
260 _aNew Delhi
_bPHI
_c2009
270 _aM-97, Connaught Circus,
_bNew Delhi
_e110001
300 _axxiv, 775p. :
_c24 cm. (Pbk)
_bill.
500 _aincludes index
650 _aOrganizational behavior
_921774
650 _aManagment
_921775
700 _aBaron Robert A.
_921776
942 _2ddc
_cEN
_mGRE
_h658
999 _c36696
_d36696